Sustainable development law & policy

Detalles Bibliográficos
Autor Corporativo: American University Washington College of Law
Formato: Desconocido
Lenguaje:inglés
Publicado: Estados Unidos : American University, Washington College of Law
Materias:
Acceso en línea:Acceso restringido

MARC

LEADER 00000ny a22000003n 4500
005 20110510102332.0
008 091216s us 000 eng d
022 |a 1552-3721 
035 |a 1620 
040 |a BUS  |d vlex 
090 |c 1490  |d 1490 
245 0 0 |a Sustainable development law & policy  |h [Recurso electrn̤ico] 
256 |a Servicio en ln̕ea 
260 |a Estados Unidos :  |b American University, Washington College of Law 
506 1 |a Contenido solo disponible en los productos indicados  |d vLex Global  |d vLex Global (Academic Edition, excluding Law Schools)  |d vLex Global (U.S. Academic Edition, Law Schools)  |d vLex Global (U.S. Academic Edition, excluding Law Schools)  |d vLex Global (Academic Edition, Law Schools) 
650 0 4 |a Medio ambiente  |x Polt̕ica gubernamental  |x Derecho  |x Publicaciones perid̤icas 
710 2 |a American University Washington College of Law 
740 0 |a vLex Revista (Servicios en ln̕ea) 
843 |a Electrn̤ica. Abierta 
853 |8 1  |i (year)  |j (month)  |k (day) 
856 4 0 |z Acceso restringido  |u http://vlex.com/source/1620 
942 |c REV 
999 4 |a Revistas electrn̤icas.